000 00549nam a2200229Ia 4500
003 OSt
005 20220928135033.0
006 a|||||r|||| 00| 0
007 ta
008 220927b |||||||| |||| 00| 0 eng d
024 _a494
037 _cTextual
040 _aSDCL
_cSDCL
_beng
041 _2eng
_aeng
082 _aX.2'N8x, N1
100 _aKapila Uma Ed.
245 0 _aIndian economy since independence
250 _a3
260 _c1991
942 _hX.2'N8x, N1
_cTEXL
_2CC
999 _c804504
_d804504